Demokratik sosyalizme giriş (Record no. 1528)

MARC details
000 -BAŞLIK
Sabit Uzunlukta Kontrol Alanı 00621na a2200229 4500
001 - KONTROL NUMARASI
Denetim Alanı 15868
003 - KONTROL NUMARASI IDENTIFIER
Denetim Alanı MIRAKIL
005 - SON İŞLEM TARİHİ VE ZAMANI
Denetim Alanı 20181213154825.0
008 - SABİT-BOY VERİ ELEMANLARI - GENEL BİLGİLER
Sabit Uzunlukta Kontrol Alanı 161009b tu 000 0
035 ## - SİSTEM KONTROL NUMARASI
Sistem Kontrol Numarası 15868
040 ## - KATALOGLAMA KAYNAK
Orijinal Kataloglama Ajansı Milas
Kataloglama Dili tur
Metne Dönüştürmek Ajansı TR-AnCHP
041 ## - DİL KODU
Metin / Ses Parça Veya Ayrı Başlığın Dil Kodu tur
082 ## - DEWEY ONLU SINIFLANDIRMA NUMARASI
Sınıflandırma Numarası 335.5
Ürün Numarası Ö41d 1976
090 ## - SINIFLAMA NUMARASI
Sınıflama Numarası 335.5 Ö41d 1976
100 ## - ANA GİRİŞ - KİŞİSEL İSİM
Kişisel Ad Ölçen, Ali Nejat
Bir Adıyla İlişkilendirilen Tarihler 1922-
245 ## - BAŞLIK TABLOSU
Başlık Demokratik sosyalizme giriş
Sorumluluk Tablosu, Vb Ali Nejat Ölçen
260 ## - YAYIN, DAĞITIM, VB
Yayın, Dağıtım, Vb Yeri Ankara
Yayıncı, Dağıtıcı, Vs Adı [yayl.y.]
Yayın, Dağıtım, Vb Tarihi 1976
Üretici Firma Ayyıldız Matbaası
300 ## - FİZİKSEL TANIM
Kapsam 232 s.
Boyutlar 19 sm.
650 ## - KONU KATMA GİRİŞ - TOPİKAL DÖNEM
Topikal Süreli Veya Coğrafi Ad Giriş Elemanı Demokratik sol
Genel Alt Bölümü Ekonomi
650 ## - KONU KATMA GİRİŞ - TOPİKAL DÖNEM
Topikal Süreli Veya Coğrafi Ad Giriş Elemanı Demokratik sosyalizm
942 ## - EKLENDİ GİRİŞ ELEMANLARI (KOHA)
Sınıflandırma Veya Raf Düzeni Kaynak Dewey Decimal Classification
Koha Öğesi Türü Books
999 ## - SİSTEM KONTROL NUMARALARI (KOHA)
Koha Biblionumber 1528
Koha Biblioitemnumber 1528
Holdings
Kalıcı Konum Mevcut Konum Edinme Tarihi Edinim Kaynak Toplam Check-Out'Lar Tam Çağrı Numarası Barkod Tarih Son Görülme İtibaren Geçerli Fiyatlar Koha Öğesi Türü
CHP Kütüphanesi CHP Kütüphanesi 09/25/2016 Bağış   335.5 Ö41d 1976 004204 09/25/2016 09/25/2016 Books